| 000 | 01551nam0a2200325 4500 | ||
|---|---|---|---|
| 001 | RU\NLR\bibl\1310265 | ||
| 005 | 20250615153826.0 | ||
| 010 | _a5-98322-313-5 | ||
| 035 | _a(NLR Aleph) 001295728 | ||
| 090 |
_a587424 _c587424 |
||
| 100 | _a20080926d2007 |||y0rusy50 ca | ||
| 101 | 1 |
_arus _ceng |
|
| 102 | _aRU | ||
| 105 | _aa ||||||||| | ||
| 200 | 1 |
_aПрактическая клиническая эндодонтия _fФилип Ламли, Ник Адамс, Филлип Томсон _gпод общ. ред. проф. И.М. Макеевой _gпер. с англ.: [М.К. Макеева] |
|
| 210 |
_aМосква _cМЕДпресс-информ _d2007 |
||
| 215 |
_a127 с. _cцв. ил. _d25 |
||
| 300 | _aПер. изд.: Practical clinical endodontics / Philip Lumley, Nick Adams, Phillip Tomson. - Edinburgh [etc.]: Churchill Livingstone, 2006 | ||
| 320 | _aБиблиогр. в конце гл. | ||
| 454 | 0 |
_12001#$aPractical clinical endodontics _1700#1$aLumley$bP.$gPhilip$4070 _1701#1$aAdams$bN.$gNick$4070 _1701#1$aTomson$bP.$gPhillip$4070 _1210##$aEdinburgh [etc.]$cChurchill Livingstone$d2006 _tPractical clinical endodontics _aLumley, Philip |
|
| 606 | 1 |
_aКлиническая эндодонтия _92183565 _3RU\NLR\auth\661312940 |
|
| 686 | _aР661.21-58 | ||
| 700 | 1 |
_aЛамли _bФ. _gФилип _4070 |
|
| 701 | 1 |
_aАдамс _bН. _gНик _4070 |
|
| 701 | 1 |
_aТомсон _bФ. _gФиллип _4070 |
|
| 801 | 0 |
_aRU _bNLR _c20080926 _gRCR |
|
| 801 | 1 |
_aRU _bNLR _c20080926 |
|
| 942 | _cBOOK | ||
| 980 | _aNB | ||